| 000 | 00890nam a2200229 i 4500 | ||
|---|---|---|---|
| 001 | 28318 | ||
| 003 | ES-MaACL | ||
| 005 | 20240529163418.0 | ||
| 007 | t| | ||
| 008 | 030117s1883 sp ||||1| spa d | ||
| 100 | 1 |
_aBain, Alexander. _924726 |
|
| 245 | 1 | 0 |
_aIntroducción a la lógica / _cpor Alexander Bain ; traducción de Alfonso Ordax... |
| 260 |
_aMadrid : _b[s.n.], _c1883 ( _fImp. de Diego Pacheco) |
||
| 300 |
_a91 p. ; _c17 cm. |
||
| 650 | 4 |
_aLógica. _914693 |
|
| 700 | 1 |
_aOrdax, Alfonso. _987172 |
|
| 852 |
_aES-MaACL _jFOLL-Laf-575 _929388 _cDEPOF _fSello en tinta en portada: "Ateneo de Madrid. Legado M. de la Fuente" _fSello en tinta en portada: "Ateneo de Madrid. Biblioteca" _hLegado: M. de la Fuente |
||
| 903 |
_969535 _aLafuente, Modesto, _d1806-1866 _ednr _q1 |
||
| 942 |
_2udc _cFOLLETOS |
||
| 999 |
_c28318 _d28318 |
||